Energetické zdroje Slovenska

Úvahy o stave a perspektívach slovenskej energetiky. Indikátor ako objektívny ukazovateľ vývojových trendov. Hrubá domáca spotreba primárnych energetických zdrojov za roky 2001-2015. Slabiny z pohľadu dovoznej závislosti SR. Energetický mix v roku 2015.

Gespeichert in:
Bibliographische Detailangaben
Format: Buchkapitel
Sprache:Slowakisch
Schlagworte:
Tags: Tag hinzufügen
Keine Tags, Fügen Sie das erste Tag hinzu!

MARC

LEADER 00000naa a2200000 4500
001 0241453
005 20180323101941.7
041 0 |a slo 
044 |a SK 
245 1 0 |a Energetické zdroje Slovenska 
520 |a Úvahy o stave a perspektívach slovenskej energetiky. Indikátor ako objektívny ukazovateľ vývojových trendov. Hrubá domáca spotreba primárnych energetických zdrojov za roky 2001-2015. Slabiny z pohľadu dovoznej závislosti SR. Energetický mix v roku 2015. 
610 2 0 |a energetika 
610 2 0 |a Slovensko 
610 2 0 |a zdroje energetické 
610 2 0 |a prognózovanie